Les Simpson - Questions aléatoires (9) - Statistiques

Statistiques générales
  • Ce quiz a été pris 34 fois
  • Le résultat moyen est 5 sur 10
Statistiques - réponses
Question Réponse % Correct
Comment s'appelait le chien d'Homer quand il était petit ? Bongo
71%
Quel nom donne Lisa à l'intelligence artificielle qu'elle a créé ? Conrad
71%
Avec quel nom est signé le tableau d'un célèbre peintre (fictif) que les Simpson ont racheté aux Van Houten lors d'une brocante de quartier ? Johan Oldenveldt
71%
Lorsque Marge s'échappe de la secte des Mouvementariens, que n'a-t-elle pas besoin de traverser pour s'enfuir ? un champ de cactus
71%
Qu'a volé Marge au mini-marché, qui a eu pour conséquence d'aller en prison ? une bouteille d'alcool
57%
Qui remplace le vrai Krusty au Camp Krusty ? Barney
43%
Lorsqu'Homer décide de s'occuper du feu d'artifice de la ville pour la fête nationale, pourquoi la ville ne s'en est-elle pas occupée elle-même ? il n'y avait plus de sous dans les caisses de la ville
43%
Quelle phrase Lisa écrit-elle au tableau lors de sa punition pour avoir rigolé à une blague de Nelson pendant un cours de musique ? je ne serai pas une ricaneuse
29%
Quel est le groupe sanguin de Smithers ? B+
14%
Quel film de James Stewart a été réadapté par Mel Gibson dans l'épisode le mettant en vedette ? Monsieur Smith au Sénat
14%
Aucun quiz correspondant
Distribution des résultats
% des personnes avec chaque résultat
Percentile par nombre de réponses
Votre historique - résultats
Vous n’avez pas pris ce quiz